Normal view
MARC view
- البلاغة العربية
Entry Topical Term
001 - CONTROL NUMBER
- control field: 26315
003 - CONTROL NUMBER IDENTIFIER
- control field: JO-AjAnu
005 - DATE AND TIME OF LATEST TRANSACTION
- control field: 20230606074502.0
008 - FIXED-LENGTH DATA ELEMENTS
- fixed length control field: 230606|| aca||aabn | a|a d
040 ## - CATALOGING SOURCE
- Original cataloging agency: JO-AjAnu
- Transcribing agency: JO-AjAnu
150 ## - HEADING--TOPICAL TERM
- Topical term or geographic name entry element: البلاغة العربية
670 ## - SOURCE DATA FOUND
- Source citation: Work cat.: (JO-AjAnu)13523: تأليف جرجاني، عبد القاهر بن عبد الرحمن؛ اعتنى به ميسر عقاد، مصطفى شيخ مصطفى, author 26314, أسرار البلاغة